Culture Générale - Série 2660 - Statistiques

Statistiques générales
  • Ce quiz a été pris 87 fois
  • Le résultat moyen est 3 sur 10
Statistiques - réponses
Question Réponse % Correct
Quelle ville est réputée pour être la capitale mondiale du diamant ? Anvers
58%
Quel est le quatrième art ? musique
51%
Quel est le chef-lieu du département de l'Allier ? Moulins
49%
Un jeune homme a le don rare de reconnaître chaque son qu'il entend. A bord d'un sous-marin nucléaire français, tout repose sur lui, l'Oreille d'Or. Ce film de 2019 s'appelle : "Le chant du .... loup
47%
Quel fut le 1er Président de la III° République ? prénom et nom - voir photo Adolphe Thiers
32%
Jeffrey Dahmer(1960-1994) était un tueur en série américain surnommé « le ..... de Milwaukee » cannibale
26%
Dans quel pays peut-on trouver des mastabas (édifices funéraires) ? Egypte
22%
Qui a écrit en 1853 "Joseph Balsamo" ? prénom et nom Alexandre Dumas
11%
Comment se nomme le colonel, ennemi juré de Francis Blake, dans la Bande Dessinée : Blake et Mortimer ? Olrik
7%
Quel roman classique de la littérature comique a été écrit par Gabriel Chevallier en 1938 ? indice : urinoir Clochemerle
4%
Aucun quiz correspondant
Distribution des résultats
% des personnes avec chaque résultat
Percentile par nombre de réponses
Votre historique - résultats
Vous n’avez pas pris ce quiz